01295nam a22002537a 4500003000400000005001700004008004100021020001800062040001400080041000800094082001400102100002500116245003900141250001300180264004400193300006000237521045400297650002700751650003400778650002400812942001500836999001700851952017300868OSt20260515151953.0260515b ||||| |||| 00| 0 spa d a9788484835493 cCO-Mq BPB aEng aBbC GAIs aHerman, Gail;eautor aScooby-Doo!: bThe Mixed-Up Museum a1° a ED aMadrid;bEdiciones del Laberinto,c2011 a32 páginas;bTapa dura, ilustraciones a color,c23 cm aLa pandilla de Scooby-Doo visita el Museo de Historia Natural, pero pronto comienzan a ocurrir cosas extrañas: los huesos de dinosaurios se mueven, los gorilas rugen y misteriosos sonidos aterrorizan a todos. Scooby, Shaggy y sus amigos deberán investigar qué sucede realmente dentro del museo y resolver el misterio. El libro combina historia, lectura y pequeñas actividades para que los niños participen mientras avanzan en la aventura. aMisterios y detectives aAventuras y suspenso infantil aLectura interactiva 2ddccBKINF c16312d16312 00102ddc40708LIaBPMOSbBPMOScFICd2026-05-15eCompra 2025iNTl1m1oB C GAIspMOS504968q2026-11-24r2026-06-01s2026-06-01tEj.1w2026-05-15yBKINFzQuince dias